| 000 | 00565nam a22002057a 4500 | ||
|---|---|---|---|
| 001 | 00028310 | ||
| 005 | 20260225145743.0 | ||
| 008 | 260225b ag ||||| |||| 00| 0 spa d | ||
| 020 | _a9789879356340 | ||
| 040 |
_bspa _cAR-CcCEOS |
||
| 080 | _a159.922.8 | ||
| 090 | _bGAR | ||
| 100 |
_aMónica García Barthe _9618 |
||
| 245 |
_aAdolescencia y pubertad : _bProblemática actual / _cMónica García Barthe |
||
| 250 | _a2a ed. | ||
| 260 |
_aBuenos Aires : _bA Construir, _c2012. |
||
| 300 |
_a80 p. ; _c28x20 cm. |
||
| 650 | 0 | _apsicología | |
| 942 |
_2udc _cBK |
||
| 999 |
_c28328 _d28328 |
||
| 945 |
_a66467 _bMelina Rolando _c66467 _dMelina Rolando |
||